Commercial real estate investment (Record no. 100137)

MARC details
000 -LEADER
fixed length control field 00879cam a2200241 4500
008 - FIXED-LENGTH DATA ELEMENTS--GENERAL INFORMATION
fixed length control field 000000n2000 000 0 eng u
020 ## - INTERNATIONAL STANDARD BOOK NUMBER
International Standard Book Number 1902375491
035 ## - SYSTEM CONTROL NUMBER
System control number (Sirsi) u103518
050 ## - LIBRARY OF CONGRESS CALL NUMBER
Classification number 332.63240973
-- 18
100 ## - MAIN ENTRY--PERSONAL NAME
Personal name Baum, Andrew
245 ## - TITLE STATEMENT
Title Commercial real estate investment
260 ## - PUBLICATION, DISTRIBUTION, ETC.
Place of publication, distribution, etc. Oxford
Name of publisher, distributor, etc. Chandos Publishing
Date of publication, distribution, etc. 2000
300 ## - PHYSICAL DESCRIPTION
Extent xvi,170p.
Dimensions 28cm.
350 ## - PRICE (NR) (BK AM CF MU VM SE) [OBSOLETE]
Price 59.95
520 ## - SUMMARY, ETC.
Summary, etc. This text book analyses all aspects which relate to successful investment in real estate. Subjects covered include appraising property investments, performance measurement and management of commercial real estate. The book was reprinted by Estates Gazette in 2002 (ISBN 0728203898).
650 ## - SUBJECT ADDED ENTRY--TOPICAL TERM
Topical term or geographic name entry element REAL ESTATE
650 ## - SUBJECT ADDED ENTRY--TOPICAL TERM
Topical term or geographic name entry element ASSET MANAGEMENT
650 ## - SUBJECT ADDED ENTRY--TOPICAL TERM
Topical term or geographic name entry element COMMERICAL PROPERTY
650 ## - SUBJECT ADDED ENTRY--TOPICAL TERM
Topical term or geographic name entry element INVESTORS
650 ## - SUBJECT ADDED ENTRY--TOPICAL TERM
Topical term or geographic name entry element PORTFOLIOS
690 ## - LOCAL SUBJECT ADDED ENTRY--TOPICAL TERM (OCLC, RLIN)
Topical term or geographic name as entry element INVESTMENT
942 ## - ADDED ENTRY ELEMENTS (KOHA)
Suppress in OPAC 0
Holdings
Withdrawn status Lost status Source of classification or shelving scheme Damaged status Not for loan Home library Current library Shelving location Date acquired Total Checkouts Full call number Barcode Date last seen Date last checked out Copy number Price effective from Koha item type
    Dewey Decimal Classification     London London Books 06/02/2006 20 F332.63240973 BAU 30071612 06/08/2019 08/10/2009 3 06/08/2019 Book